[Event "Utrecht OKU op 43rd"]
[Site "Utrecht"]
[Date "2016.06.04"]
[Round "3"]
[White "Peng, Zhaoqin"]
[Black "Otte, Marijn Willem"]
[Result "1-0"]
[WhiteElo "2379"]
[BlackElo "2223"]
[PlyCount "49"]
[EventDate "2016.06.03"]
[EventType "swiss"]
[EventRounds "6"]
[EventCountry "NED"]
[SourceTitle "CBM 172 Extra"]
[Source "ChessBase"]
[SourceDate "2016.06.21"]
[SourceVersion "1"]
[SourceVersionDate "2016.06.21"]
[SourceQuality "1"]

1. d4 Nf6 2. Nf3 g6 3. c4 Bg7 4. Nc3 0-0 5. e4 c6 6. Bd3 d6 7. h3 Nbd7 8. Be3 e5 9. d5 Nc5 10. Bc2 cxd5 11. cxd5 a5 12. 0-0 Nh5 13. a3 Bd7 14. b4 axb4 15. axb4 Na6 16. Rb1 f5 17. Ba4 f4 18. Bb6 Bxa4 19. Nxa4 Qd7 20. Ba5 Qb5 21. Nb6 Ra7 22. Qb3 Nf6 23. Rfe1 Nd7 24. Nc4 Rf6 25. Bd8 1-0

[Event "Pianoro op"]
[Site "Pianoro"]
[Date "2011.11.27"]
[Round "5"]
[White "Otte, Marijn Willem"]
[Black "Bonade, Massimo"]
[Result "1/2-1/2"]
[WhiteElo "2236"]
[BlackElo "2080"]
[PlyCount "54"]
[EventDate "2011.11.25"]
[EventType "swiss"]
[EventRounds "5"]
[EventCountry "ITA"]
[SourceTitle "CBM 145 Extra"]
[Source "ChessBase"]
[SourceDate "2012.01.03"]
[SourceVersion "1"]
[SourceVersionDate "2012.01.03"]
[SourceQuality "1"]

1. e4 c5 2. Nf3 d6 3. d4 cxd4 4. Nxd4 Nf6 5. Nc3 a6 6. Bg5 e6 7. f4 Be7 8. Qf3 Qc7 9. 0-0-0 Nbd7 10. g4 b5 11. Bxf6 Bxf6 12. g5 Bxd4 13. Rxd4 Bb7 14. Bg2 Rc8 15. Rd2 0-0 16. a3 Nb6 17. Bf1 d5 18. Bd3 d4 19. Ne2 Rfd8 20. Kb1 Qc5 21. Rc1 b4 22. axb4 Qxb4 23. c3 dxc3 24. Rxc3 Rxc3 25. Nxc3 Na4 26. Rc2 Nc5 27. Rd2 Na4 1/2-1/2

[Event "Amsterdam Science Park op-A 1st"]
[Site "Amsterdam"]
[Date "2011.07.17"]
[Round "9"]
[White "Overeem, Marc"]
[Black "Otte, Marijn Willem"]
[Result "0-1"]
[WhiteElo "2158"]
[BlackElo "2244"]
[PlyCount "72"]
[EventDate "2011.07.09"]
[EventType "swiss"]
[EventRounds "9"]
[EventCountry "NED"]
[SourceTitle "CBM 143 Extra"]
[Source "ChessBase"]
[SourceDate "2011.08.29"]
[SourceVersion "1"]
[SourceVersionDate "2011.08.29"]
[SourceQuality "1"]

1. c4 c5 2. g3 Nc6 3. Bg2 g6 4. Nc3 Bg7 5. a3 d6 6. Rb1 a5 7. d3 e6 8. e4 Nge7 9. Nge2 0-0 10. 0-0 Bd7 11. Nb5 Be8 12. Be3 e5 13. f4 Nd4 14. Nbxd4 cxd4 15. Bd2 a4 16. f5 f6 17. g4 Bc6 18. Ng3 Qd7 19. h4 b5 20. Bh3 bxc4 21. dxc4 gxf5 22. gxf5 Qb7 23. Qe2 Kh8 24. Kh2 Ng8 25. Rg1 Bh6 26. Bxh6 Nxh6 27. Nh5 Rf7 28. Rbe1 Rb8 29. Rg2 Rff8 30. Ng3 Qf7 31. Nh1 Rb3 32. Nf2 Re3 33. Qd2 Rxe1 34. Qxe1 Qxc4 35. Rg3 Qc2 36. Rg2 Rg8 0-1

[Event "Amsterdam Science Park op-A 1st"]
[Site "Amsterdam"]
[Date "2011.07.14"]
[Round "6"]
[White "Otte, Marijn Willem"]
[Black "Lombaers, Peter"]
[Result "1/2-1/2"]
[WhiteElo "2244"]
[BlackElo "2097"]
[PlyCount "45"]
[EventDate "2011.07.09"]
[EventType "swiss"]
[EventRounds "9"]
[EventCountry "NED"]
[SourceTitle "CBM 143 Extra"]
[Source "ChessBase"]
[SourceDate "2011.08.29"]
[SourceVersion "1"]
[SourceVersionDate "2011.08.29"]
[SourceQuality "1"]

1. d4 Nf6 2. Nc3 d5 3. Bg5 c6 4. Qd3 Nbd7 5. 0-0-0 e6 6. e4 dxe4 7. Nxe4 Be7 8. Nxf6+ Nxf6 9. Nf3 0-0 10. h4 c5 11. Bxf6 Bxf6 12. Qe4 cxd4 13. Nxd4 Qa5 14. Bc4 Qc5 15. Nb3 Qe5 16. Qxe5 Bxe5 17. Be2 Bf6 18. Bf3 Rd8 19. g3 Kf8 20. Nc5 Rb8 21. Ne4 Be7 22. Rxd8+ Bxd8 23. Nd6 1/2-1/2

[Event "Amsterdam Science Park op-A 1st"]
[Site "Amsterdam"]
[Date "2011.07.10"]
[Round "2"]
[White "Gravemaker, Wim Laurens"]
[Black "Otte, Marijn Willem"]
[Result "1/2-1/2"]
[WhiteElo "2047"]
[BlackElo "2244"]
[PlyCount "156"]
[EventDate "2011.07.09"]
[EventType "swiss"]
[EventRounds "9"]
[EventCountry "NED"]
[SourceTitle "CBM 143 Extra"]
[Source "ChessBase"]
[SourceDate "2011.08.29"]
[SourceVersion "1"]
[SourceVersionDate "2011.08.29"]
[SourceQuality "1"]

1. e4 c5 2. Nf3 d6 3. d4 cxd4 4. Nxd4 Nf6 5. Nc3 a6 6. Bg5 e6 7. f4 Be7 8. Qf3 Qc7 9. 0-0-0 h6 10. Bh4 Nbd7 11. Be2 Rg8 12. Rhe1 g5 13. Bf2 gxf4 14. Qh3 b5 15. Bf3 Bb7 16. g3 fxg3 17. Bxg3 Ne5 18. Bxe5 dxe5 19. Nxe6 fxe6 20. Qxh6 Rf8 21. Rf1 Bc5 22. Be2 Qh7 23. Qg5 Qxh2 24. Rxf6 Be3+ 25. Qxe3 Rxf6 26. Qb6 Qh7 27. Bh5+ Kf8 28. Rd8+ Rxd8 29. Qxd8+ Kg7 30. Qe7+ Kg8 31. Qxf6 Qxh5 32. Qxe6+ Kf8 33. Qf6+ Ke8 34. Qe6+ Kd8 35. Qd6+ Kc8 36. b3 Qg5+ 37. Kb2 Qf4 38. a4 bxa4 39. Nxa4 Bxe4 40. Nc5 Bf3 41. Qd7+ Kb8 42. Qd8+ Ka7 43. Qc7+ Ka8 44. Qc8+ Ka7 45. Qxa6+ Kb8 46. Qb6+ Kc8 47. Ne6 Qf7 48. Ng5 Qf4 49. Nxf3 Qxf3 50. Qe6+ Kb8 51. Qxe5+ Ka7 52. c3 Kb7 53. b4 Ka7 54. Qd4+ Kb7 55. Kb3 Qf7+ 56. c4 Qf3+ 57. Ka4 Qe2 58. Qd7+ Ka6 59. b5+ Kb6 60. Qc6+ Ka7 61. b6+ Ka6 62. b7+ Ka7 63. Kb5 Qb2+ 64. Kc5 Qf2+ 65. Kd6 Qf6+ 66. Kc5 Qf2+ 67. Kd6 Qf6+ 68. Kd7 Qf7+ 69. Kd8 Qf8+ 70. Qe8 Qd6+ 71. Kc8 Qc6+ 72. Kd8 Qd6+ 73. Qd7 Qf8+ 74. Kc7 Qc5+ 75. Qc6 Qe7+ 76. Kc8 Qe6+ 77. Qd7 Qg8+ 78. Qd8 Qxc4+ 1/2-1/2

[Event "WUCC op 11th"]
[Site "Zuerich"]
[Date "2010.09.07"]
[Round "4"]
[White "Otte, Marijn Willem"]
[Black "Sulashvili, Malkhaz"]
[Result "0-1"]
[WhiteElo "2264"]
[BlackElo "2500"]
[PlyCount "102"]
[EventDate "2010.09.05"]
[EventType "swiss"]
[EventRounds "9"]
[EventCountry "SUI"]
[SourceTitle "CBM 138 Extra"]
[Source "ChessBase"]
[SourceDate "2010.10.29"]
[SourceVersion "1"]
[SourceVersionDate "2010.10.29"]
[SourceQuality "1"]

1. e4 c6 2. d4 d5 3. e5 Bf5 4. c3 e6 5. Be3 Nd7 6. f4 f6 7. Nf3 Qb6 8. Qb3 g5 9. exf6 g4 10. f7+ Kxf7 11. Ne5+ Nxe5 12. fxe5 h5 13. Nd2 Be7 14. Be2 Kg6 15. h4 Nh6 16. g3 Rac8 17. 0-0 Rhf8 18. Rf4 Rfd8 19. Raf1 c5 20. Kh2 c4 21. Qxb6 axb6 22. a3 Ra8 23. R4f2 Rf8 24. Bd1 b5 25. Kg1 Rac8 26. Re1 Bd3 27. Bxh6 Rxf2 28. Kxf2 Kxh6 29. Be2 Bg6 30. Rf1 Kh7 31. Ke1 Ra8 32. Bd1 Re8 33. Rf2 Bf8 34. Nf1 Bh6 35. Bc2 Bxc2 36. Rxc2 Rf8 37. Nh2 Be3 38. Re2 Bg1 39. Nf1 Rf3 40. Rg2 Be3 41. Nh2 Rf8 42. Re2 Bh6 43. Kd1 Kg6 44. Rg2 Rf7 45. Ke2 Rf5 46. Rg1 Rf8 47. Rb1 Kf5 48. b3 Ke4 49. bxc4 bxc4 50. Rf1 Rxf1 51. Nxf1 b5 0-1

[Event "Bossum Pinkster op-A"]
[Site "Bossum"]
[Date "2010.05.23"]
[Round "4"]
[White "Otte, Marijn Willem"]
[Black "Drost, Peter"]
[Result "0-1"]
[WhiteElo "2314"]
[BlackElo "2084"]
[PlyCount "72"]
[EventDate "2010.05.21"]
[EventType "swiss"]
[EventRounds "7"]
[EventCountry "NED"]
[SourceTitle "CBM 136 Extra"]
[Source "ChessBase"]
[SourceDate "2010.07.02"]
[SourceVersion "2"]
[SourceVersionDate "2010.07.15"]
[SourceQuality "1"]

1. e4 e6 2. d4 d5 3. Nd2 Nf6 4. e5 Nfd7 5. Bd3 c5 6. c3 Nc6 7. Ngf3 g6 8. Bc2 Bg7 9. h4 h6 10. a3 Qb6 11. Nf1 a5 12. Rb1 cxd4 13. cxd4 a4 14. Ne3 Qa6 15. h5 g5 16. Ng4 Nb6 17. Rh3 Rf8 18. Ng1 f5 19. exf6 Bxf6 20. Nxf6+ Rxf6 21. Bxg5 hxg5 22. h6 Bd7 23. h7 Ke7 24. h8Q Rxh8 25. Rxh8 Qa5+ 26. Kf1 Nc4 27. Nf3 g4 28. Ne5 Ne3+ 29. Kg1 Nxd1 30. Rh7+ Ke8 31. Rh8+ Ke7 32. Rh7+ Kd8 33. Rxd7+ Kc8 34. Rxd1 Nxe5 35. dxe5 Rf4 36. Rg7 Qb6 0-1

[Event "Ho Chi Minh City op"]
[Site "Ho Chi Minh City"]
[Date "2009.12.07"]
[Round "8"]
[White "Nguyen, Thi Thanh An"]
[Black "Otte, Marijn Willem"]
[Result "0-1"]
[WhiteElo "2330"]
[BlackElo "2298"]
[PlyCount "92"]
[EventDate "2009.12.03"]
[EventType "swiss"]
[EventRounds "9"]
[EventCountry "VIE"]
[SourceTitle "CBM 133 Extra"]
[Source "ChessBase"]
[SourceDate "2010.01.05"]
[SourceVersion "1"]
[SourceVersionDate "2010.01.05"]
[SourceQuality "1"]

1. d4 Nf6 2. c4 g6 3. Nc3 Bg7 4. e4 0-0 5. Nf3 c6 6. Bd3 d5 7. cxd5 cxd5 8. e5 Ne8 9. Qb3 Nc7 10. Be3 Nc6 11. Rd1 Rb8 12. Na4 b6 13. Rc1 Bb7 14. 0-0 Qd7 15. Rfd1 Na5 16. Qb4 Rfc8 17. b3 Ne6 18. h4 Rxc1 19. Rxc1 Rc8 20. Re1 Nc6 21. Qd2 f6 22. exf6 exf6 23. h5 Kf7 24. Bh6 Bh8 25. hxg6+ hxg6 26. Nh4 Ne7 27. Qe2 f5 28. Nxg6 Kxg6 29. Qxe6+ Qxe6 30. Rxe6+ Kf7 31. Re1 Bxd4 32. Bf4 Kf6 33. Rc1 Ng6 34. Rxc8 Bxc8 35. Bc1 Ne5 36. Be2 Ng4 37. Bb2 Ke5 38. Kf1 Bd7 39. f4+ Ke4 40. Bf3+ Ke3 41. Bc1+ Kd3 42. Bb2 Nh2+ 43. Ke1 Nxf3+ 44. gxf3 Bxa4 45. Bxd4 Kxd4 46. bxa4 Ke3 0-1

[Event "Enschede Twente op"]
[Site "Enschede"]
[Date "2009.08.08"]
[Round "9"]
[White "Ringoir, Tanguy"]
[Black "Otte, Marijn Willem"]
[Result "1/2-1/2"]
[WhiteElo "2406"]
[BlackElo "2298"]
[PlyCount "39"]
[EventDate "2009.07.31"]
[EventType "swiss"]
[EventRounds "9"]
[EventCountry "NED"]
[SourceTitle "CBM 131 Extra"]
[Source "ChessBase"]
[SourceDate "2009.09.03"]
[SourceVersion "2"]
[SourceVersionDate "2009.09.16"]
[SourceQuality "1"]

1. e4 c5 2. Nc3 e6 3. f4 d5 4. Nf3 a6 5. d3 Nc6 6. g3 Nf6 7. Bg2 b5 8. 0-0 d4 9. Ne2 Bb7 10. h3 h5 11. c3 dxc3 12. Nxc3 Nb4 13. e5 Nfd5 14. Ne4 c4 15. dxc4 Nxf4 16. Bxf4 Qxd1 17. Rfxd1 Bxe4 18. cxb5 Bc5+ 19. Kh2 axb5 20. a3 1/2-1/2

[Event "Enschede Twente op"]
[Site "Enschede"]
[Date "2009.08.04"]
[Round "5"]
[White "Otte, Marijn Willem"]
[Black "Van Oosterom, Chiel"]
[Result "0-1"]
[WhiteElo "2298"]
[BlackElo "2402"]
[PlyCount "98"]
[EventDate "2009.07.31"]
[EventType "swiss"]
[EventRounds "9"]
[EventCountry "NED"]
[SourceTitle "CBM 131 Extra"]
[Source "ChessBase"]
[SourceDate "2009.09.03"]
[SourceVersion "2"]
[SourceVersionDate "2009.09.16"]
[SourceQuality "1"]

1. e4 c5 2. Nf3 Nc6 3. Nc3 Nf6 4. d4 cxd4 5. Nxd4 e5 6. Ndb5 d6 7. Nd5 Nxd5 8. exd5 Nb8 9. c4 Be7 10. Be2 0-0 11. 0-0 a6 12. Nc3 Bf5 13. Be3 Nd7 14. b4 b6 15. Qd2 Bg6 16. Rfd1 h6 17. c5 bxc5 18. bxc5 Nxc5 19. Bxc5 dxc5 20. d6 Bg5 21. Qd5 Bc2 22. Re1 Qd7 23. Bd3 Bxd3 24. Qxd3 c4 25. Qd5 Rac8 26. Rad1 Rc6 27. Ne4 c3 28. Nxg5 hxg5 29. Qxe5 c2 30. Rc1 Rd8 31. Kf1 Rxd6 32. Qe4 Qb5+ 33. Qe2 Rd2 34. Qxb5 axb5 35. a3 R8d3 36. Re8+ Kh7 37. Rc8 Rd1+ 38. Ke2 R3d2+ 39. Ke3 Rd6 40. R1xc2 Re6+ 41. Kf3 Rd3+ 42. Kg4 Re4+ 43. Kf5 Rf4+ 44. Kxg5 Rdd4 45. g4 Rxg4+ 46. Kf5 Rde4 47. R8c7 Rgf4+ 48. Kg5 f6+ 49. Kh5 Re5# 0-1

[Event "Enschede Twente op"]
[Site "Enschede"]
[Date "2009.08.02"]
[Round "3"]
[White "Otte, Marijn Willem"]
[Black "Kleijn, Christov"]
[Result "1/2-1/2"]
[WhiteElo "2298"]
[BlackElo "2377"]
[PlyCount "128"]
[EventDate "2009.07.31"]
[EventType "swiss"]
[EventRounds "9"]
[EventCountry "NED"]
[SourceTitle "CBM 131 Extra"]
[Source "ChessBase"]
[SourceDate "2009.09.03"]
[SourceVersion "2"]
[SourceVersionDate "2009.09.16"]
[SourceQuality "1"]

1. e4 c5 2. Nf3 d6 3. d4 cxd4 4. Nxd4 Nf6 5. Nc3 a6 6. Bg5 Nbd7 7. Bc4 e6 8. Bb3 Nc5 9. Qf3 Be7 10. 0-0-0 Bd7 11. Rhe1 Qa5 12. Bxf6 Bxf6 13. Qg3 Nxb3+ 14. Nxb3 Qg5+ 15. Qxg5 Bxg5+ 16. Kb1 Be7 17. Na5 0-0-0 18. Rd3 b6 19. Nc4 Kc7 20. a4 b5 21. Ne3 Bf6 22. Ng4 Be7 23. Ne3 Rhe8 24. a5 Bc6 25. f3 Rb8 26. Na2 b4 27. Rb3 d5 28. exd5 exd5 29. Nf5 Bf8 30. Rxe8 Bxe8 31. Ne3 Bc6 32. Rd3 Rb5 33. c3 bxc3 34. Nxc3 Rxa5 35. Ncxd5+ Kb7 36. Nc3 Rh5 37. h3 Bc5 38. Nc4 Kc7 39. Kc2 Be7 40. Re3 Bf6 41. Ne4 Bd4 42. Rd3 Ba7 43. b3 f5 44. Ng3 Rg5 45. f4 Rg6 46. Ne5 Rf6 47. Nh5 Rh6 48. Rc3 Bd4 49. Rxc6+ Rxc6+ 50. Nxc6 Kxc6 51. Kd3 Kd5 52. g4 g6 53. Ng3 Bf2 54. Ne2 a5 55. gxf5 gxf5 56. Nc3+ Kc5 57. Nd1 Bg1 58. Nc3 Bd4 59. Ne2 Bf2 60. Kc3 Kb5 61. Kd3 Kb4 62. Kc2 Be3 63. Ng3 Bxf4 64. Nxf5 Kc5 1/2-1/2

[Event "Dieren op"]
[Site "Dieren"]
[Date "2009.07.30"]
[Round "9"]
[White "Harini, S."]
[Black "Otte, Marijn Willem"]
[Result "1-0"]
[WhiteElo "1986"]
[BlackElo "2298"]
[PlyCount "55"]
[EventDate "2009.07.21"]
[EventType "swiss"]
[EventRounds "9"]
[EventCountry "NED"]
[SourceTitle "CBM 131 Extra"]
[Source "ChessBase"]
[SourceDate "2009.09.03"]
[SourceVersion "2"]
[SourceVersionDate "2009.09.16"]
[SourceQuality "1"]

1. e4 c5 2. Nf3 d6 3. d4 cxd4 4. Nxd4 Nf6 5. Nc3 a6 6. Bc4 e6 7. Bb3 Nc6 8. Be3 Qc7 9. Qe2 Na5 10. 0-0-0 b5 11. g4 Nxb3+ 12. axb3 b4 13. g5 bxc3 14. gxf6 gxf6 15. Qf3 Bg7 16. Rhg1 Bb7 17. Rxg7 Qa5 18. bxc3 Qe5 19. Qh3 Bxe4 20. f4 Qa5 21. Rxf7 Kxf7 22. Qxe6+ Kf8 23. Qxe4 Rc8 24. c4 d5 25. Qf5 Re8 26. Ne6+ Kf7 27. cxd5 Qb4 28. Bd4 1-0

[Event "Dieren op"]
[Site "Dieren"]
[Date "2009.07.25"]
[Round "5"]
[White "Ikonnikov, Vyacheslav"]
[Black "Otte, Marijn Willem"]
[Result "1-0"]
[WhiteElo "2556"]
[BlackElo "2298"]
[PlyCount "101"]
[EventDate "2009.07.21"]
[EventType "swiss"]
[EventRounds "9"]
[EventCountry "NED"]
[SourceTitle "CBM 131 Extra"]
[Source "ChessBase"]
[SourceDate "2009.09.03"]
[SourceVersion "2"]
[SourceVersionDate "2009.09.16"]
[SourceQuality "1"]

1. d4 Nf6 2. Nf3 c5 3. d5 d6 4. c4 e5 5. Nc3 Be7 6. e4 0-0 7. g3 Nbd7 8. a4 a6 9. Bg2 b6 10. 0-0 Rb8 11. Ne1 Ne8 12. b3 g6 13. Bh6 Ng7 14. Qd2 Nf6 15. h3 Kh8 16. Nd3 Ng8 17. Bxg7+ Kxg7 18. f4 Bf6 19. fxe5 dxe5 20. a5 b5 21. Qe3 bxc4 22. bxc4 Bg5 23. Qf2 Rb3 24. Qc2 Rb8 25. Nxe5 Qd6 26. Nf3 Qxg3 27. Ne2 Be3+ 28. Kh1 Qc7 29. Qc3+ Bd4 30. Nfxd4 cxd4 31. Nxd4 f6 32. Nc6 Ra8 33. e5 Bb7 34. exf6+ Nxf6 35. Rae1 Bxc6 36. Re6 Bb7 37. Rexf6 Rxf6 38. Qxf6+ Kg8 39. Re1 Rf8 40. Re7 Rxf6 41. Rxc7 Rf7 42. Rxf7 Kxf7 43. c5 Bc8 44. d6 Ke6 45. Bc6 h6 46. Kh2 g5 47. Kg3 h5 48. Kf3 Ke5 49. d7 Bxd7 50. Bxd7 Kd5 51. c6 1-0

[Event "Bussum op"]
[Site "Bussum"]
[Date "2009.05.30"]
[Round "3"]
[White "Admiraal, Miguoel"]
[Black "Otte, Marijn Willem"]
[Result "0-1"]
[WhiteElo "2097"]
[BlackElo "2349"]
[PlyCount "110"]
[EventDate "2009.05.29"]
[EventType "swiss"]
[EventRounds "7"]
[EventCountry "NED"]
[SourceTitle "CBM 130 Extra"]
[Source "ChessBase"]
[SourceDate "2009.07.02"]
[SourceVersion "2"]
[SourceVersionDate "2009.07.15"]
[SourceQuality "1"]

1. e4 c5 2. Nf3 d6 3. d4 cxd4 4. Qxd4 a6 5. Nc3 Nf6 6. Bg5 e6 7. 0-0-0 Be7 8. Bxf6 gxf6 9. Qe3 Bd7 10. g4 Nc6 11. Kb1 Qc7 12. Nd4 0-0-0 13. f4 Kb8 14. Nxc6+ Bxc6 15. Bg2 Qa5 16. Nd5 Bxd5 17. exd5 e5 18. Rd3 h5 19. Bf3 hxg4 20. Bxg4 Rdg8 21. Bf3 Rh4 22. f5 Rgh8 23. Qe2 Rf4 24. Ra3 Qb5 25. Qxb5 axb5 26. Be2 Rxf5 27. Bxb5 Rf2 28. h4 f5 29. h5 e4 30. Rg3 Bf6 31. h6 f4 32. Rgg1 e3 33. h7 e2 34. Kc1 Kc7 35. Kd2 e1Q+ 36. Kxe1 Rxc2 37. Bd3 Rxb2 38. Rg8 Rxa2 39. Rh5 Ra8 40. Rxh8 Rxh8 41. Kd2 Kb6 42. Rf5 Be5 43. Rxf7 Kc5 44. Rxb7 Kxd5 45. Bc2 Rf8 46. Re7 f3 47. Ke1 Rc8 48. Bb3+ Ke4 49. Kf2 Rb8 50. Rxe5+ dxe5 51. Bg8 Rb2+ 52. Kg3 f2 53. h8Q f1Q 54. Bh7+ Kd4 55. Qd8+ Ke3 0-1

[Event "Bussum op"]
[Site "Bussum"]
[Date "2009.05.30"]
[Round "2"]
[White "Otte, Marijn Willem"]
[Black "Reinderman, Dimitri"]
[Result "0-1"]
[WhiteElo "2349"]
[BlackElo "2560"]
[PlyCount "72"]
[EventDate "2009.05.29"]
[EventType "swiss"]
[EventRounds "7"]
[EventCountry "NED"]
[SourceTitle "CBM 130 Extra"]
[Source "ChessBase"]
[SourceDate "2009.07.02"]
[SourceVersion "2"]
[SourceVersionDate "2009.07.15"]
[SourceQuality "1"]

1. e4 d6 2. d4 Nf6 3. Nc3 e5 4. Nge2 Be7 5. f3 c6 6. Be3 b5 7. Qd2 Nbd7 8. d5 Bb7 9. dxc6 Bxc6 10. Ng3 b4 11. Nd5 Bxd5 12. exd5 Qa5 13. Nf5 Bf8 14. Bc4 g6 15. Ng3 Nb6 16. Bxb6 Qxb6 17. Bb3 h5 18. Ba4+ Ke7 19. Ne4 Bh6 20. Qd3 Nxe4 21. fxe4 f5 22. Rf1 Raf8 23. exf5 gxf5 24. Rf2 Rhg8 25. Qb5 Qxb5 26. Bxb5 Be3 27. Rf3 Bd4 28. c3 bxc3 29. bxc3 Bc5 30. Kf1 e4 31. Rh3 Rg4 32. Rxh5 Rf4+ 33. Ke1 Rf2 34. Rg5 Kf6 35. Rg3 Rh8 36. h3 Rf4 0-1

[Event "NED-ch U21"]
[Site "Venlo"]
[Date "2009.05.02"]
[Round "9"]
[White "Kleijn, Christov"]
[Black "Otte, Marijn Willem"]
[Result "1-0"]
[WhiteElo "2320"]
[BlackElo "2349"]
[PlyCount "39"]
[EventDate "2009.04.24"]
[EventType "tourn"]
[EventRounds "9"]
[EventCountry "NED"]
[SourceTitle "CBM 130 Extra"]
[Source "ChessBase"]
[SourceDate "2009.07.02"]
[SourceVersion "2"]
[SourceVersionDate "2009.07.15"]
[SourceQuality "1"]

1. e4 c5 2. Nf3 e6 3. d4 cxd4 4. Nxd4 Nc6 5. Nc3 d6 6. Be3 a6 7. Be2 Nf6 8. 0-0 Be7 9. Kh1 Qc7 10. a4 0-0 11. f4 Bd7 12. Nb3 Na5 13. Nxa5 Qxa5 14. Bf3 Bc6 15. Qd2 Qb4 16. Ra3 d5 17. Rb3 Qc4 18. Be2 Nxe4 19. Qe1 Nxc3 20. Bxc4 1-0

[Event "NED-ch U21"]
[Site "Venlo"]
[Date "2009.04.27"]
[Round "4"]
[White "Pruijssers, Roeland"]
[Black "Otte, Marijn Willem"]
[Result "1-0"]
[WhiteElo "2442"]
[BlackElo "2349"]
[PlyCount "100"]
[EventDate "2009.04.24"]
[EventType "tourn"]
[EventRounds "9"]
[EventCountry "NED"]
[SourceTitle "CBM 130 Extra"]
[Source "ChessBase"]
[SourceDate "2009.07.02"]
[SourceVersion "2"]
[SourceVersionDate "2009.07.15"]
[SourceQuality "1"]

1. e4 c5 2. Nf3 e6 3. d4 cxd4 4. Nxd4 Nc6 5. Nc3 Qc7 6. Be3 a6 7. Qd2 Nf6 8. 0-0-0 Bb4 9. f3 Ne5 10. Nb3 b5 11. Qe1 Nc4 12. Bd4 0-0 13. e5 Bxc3 14. Bxc3 Nd5 15. Bd4 f6 16. exf6 Nxf6 17. Nc5 e5 18. Bxc4+ bxc4 19. Qxe5 d6 20. Qg3 Nh5 21. Qh4 Nf4 22. Ne4 Bb7 23. Rd2 Bxe4 24. fxe4 Rae8 25. Re1 Ng6 26. Qh5 Qc6 27. Bc3 Rxe4 28. Rxe4 Rf1+ 29. Rd1 Rxd1+ 30. Qxd1 Qxe4 31. Qxd6 Qe3+ 32. Qd2 Qe6 33. Qd4 Qf7 34. b3 cxb3 35. axb3 h6 36. Kb2 Nf4 37. Qb6 Nxg2 38. Qxa6 Nf4 39. Qa8+ Kh7 40. Qe4+ Kg8 41. Be5 Nd5 42. Qd4 Qb7 43. Qc5 Kh7 44. Qd6 Qf7 45. Bd4 Qb7 46. Qe6 Nb4 47. Qf5+ Kg8 48. Bc5 Nd5 49. Qe6+ Kh7 50. Qe4+ Kh8 1-0